Top 4 at the FIFA Confederations Cup - Statistics

General Stats
  • This quiz has been taken 49 times
  • The average score is 35 of 40
Answer Stats
Edition Position Nation % Correct
Saudi Arabia 1992 1st Argentina
100%
Saudi Arabia 1995 2nd Argentina
100%
Germany 2005 2nd Argentina
100%
Saudi Arabia 1997 1st Brazil
100%
Mexico 1999 2nd Brazil
100%
South Korea & Japan 2001 4th Brazil
100%
Germany 2005 1st Brazil
100%
South Africa 2009 1st Brazil
100%
Brazil 2013 1st Brazil
100%
South Korea & Japan 2001 1st France
98%
France 2003 1st France
98%
South Korea & Japan 2001 2nd Japan
98%
Saudi Arabia 1995 3rd Mexico
98%
Mexico 1999 1st Mexico
98%
Germany 2005 4th Mexico
98%
Russia 2017 4th Mexico
98%
South Africa 2009 3rd Spain
98%
Brazil 2013 2nd Spain
98%
Germany 2005 3rd Germany
94%
Russia 2017 1st Germany
94%
Saudi Arabia 1992 3rd USA
94%
Mexico 1999 3rd USA
94%
South Africa 2009 2nd USA
94%
Brazil 2013 3rd Italy
91%
Saudi Arabia 1997 4th Uruguay
91%
Brazil 2013 4th Uruguay
91%
Russia 2017 2nd Chile
83%
Saudi Arabia 1992 2nd Saudi Arabia
83%
Mexico 1999 4th Saudi Arabia
83%
Saudi Arabia 1997 2nd Australia
81%
South Korea & Japan 2001 3rd Australia
81%
South Africa 2009 4th South Africa
79%
Russia 2017 3rd Portugal
77%
France 2003 4th Colombia
70%
France 2003 2nd Cameroon
64%
Saudi Arabia 1995 4th Nigeria
64%
Saudi Arabia 1995 1st Denmark
62%
France 2003 3rd Turkey
57%
Saudi Arabia 1992 4th Ivory Coast
43%
Saudi Arabia 1997 3rd Czech Republic
30%
No matching quizzes found
Score Distribution
Percent of People with Each Score
Percentile by Number Answered
Your Score History
You have not taken this quiz